[Event "Obert Figueres Miquel Mas 2012"]
[Site "Figueres ESP"]
[Date "2012.08.11"]
[Round "3.4"]
[White "Rakhmanov, Aleksandr"]
[Black "Ramiro Ovejero, Juan L"]
[Result "1/2-1/2"]
[WhiteElo "2588"]
[BlackElo "2349"]
[PlyCount "77"]
[EventDate "2012.08.09"]
[EventType "swiss"]
[EventRounds "9"]
[EventCountry "ESP"]
[Source "lmi"]
[SourceDate "2012.08.09"]

1. d4 d5 2. Nf3 Nf6 3. c4 dxc4 4. e3 Bg4 5. Bxc4 e6 6. h3 Bh5 7. O-O Nbd7 8.
Nc3 Bb4 9. a3 Bxc3 10. bxc3 O-O 11. Bd3 Bg6 12. Bxg6 hxg6 13. Re1 c5 14. e4
cxd4 15. cxd4 Qa5 16. Bd2 Qa6 17. Bb4 Rfc8 18. Qd2 Qa4 19. Qf4 a5 20. Be7 Nh7
21. Rac1 Ndf6 22. g4 Qd7 23. Rxc8+ Rxc8 24. Bc5 Qc7 25. Bd6 Qc3 26. Kg2 g5 27.
Qg3 Qc2 28. Qe5 Qc6 29. Be7 b5 30. Bxf6 gxf6 31. Qg3 b4 32. axb4 axb4 33. Re3
Qc4 34. h4 Ra8 35. hxg5 Ra1 36. Qb8+ Nf8 37. Ne1 fxg5 38. Rh3 Rxe1 39. Rh8+
1/2-1/2

[Event "Obert Figueres Miquel Mas 2012"]
[Site "Figueres ESP"]
[Date "2012.08.11"]
[Round "3.5"]
[White "Baños, Oscar"]
[Black "Aroshidze, Levan"]
[Result "0-1"]
[WhiteElo "2240"]
[BlackElo "2568"]
[PlyCount "64"]
[EventDate "2012.08.09"]
[EventType "swiss"]
[EventRounds "9"]
[EventCountry "ESP"]
[Source "lmi"]
[SourceDate "2012.08.09"]

1. c4 g6 2. g3 Bg7 3. Nf3 e5 4. d4 exd4 5. Nxd4 d5 6. Nc2 d4 7. Bg2 Ne7 8. Nd2
O-O 9. O-O Nbc6 10. Ne1 Ne5 11. Nd3 N7c6 12. b3 Bg4 13. h3 Nxd3 14. hxg4 Nde5
15. Ne4 Nxg4 16. Bg5 f6 17. Bf4 Qe7 18. Rc1 f5 19. Bg5 Qa3 20. Nd2 h6 21. Nb1
Qxa2 22. Bf4 Qa5 23. Bd5+ Kh8 24. Bd2 Qc5 25. b4 Nxb4 26. Bxb7 Rab8 27. Bxb4
Qxb4 28. Bd5 Qe7 29. Nd2 f4 30. gxf4 Rxf4 31. Nf3 c6 32. Bxc6 Qc7 0-1

[Event "Obert Figueres Miquel Mas 2012"]
[Site "Figueres ESP"]
[Date "2012.08.11"]
[Round "3.6"]
[White "Adhiban, B."]
[Black "Antoli Royo, Joaquin Miguel"]
[Result "1/2-1/2"]
[WhiteElo "2553"]
[BlackElo "2398"]
[PlyCount "36"]
[EventDate "2012.08.09"]
[EventType "swiss"]
[EventRounds "9"]
[EventCountry "ESP"]
[Source "lmi"]
[SourceDate "2012.08.09"]

1. e4 c5 2. Nf3 d6 3. d4 cxd4 4. Nxd4 Nf6 5. Nc3 Bd7 6. Bg5 e6 7. Ndb5 Bc6 8.
Bxf6 gxf6 9. Qh5 a6 10. Nd4 Bd7 11. O-O-O Nc6 12. Nxc6 bxc6 13. Bc4 Rb8 14.
Rhf1 Qb6 15. b3 Rg8 16. Qh3 Qa5 17. Rfe1 Qa3+ 18. Kb1 Qc5 1/2-1/2

[Event "Obert Figueres Miquel Mas 2012"]
[Site "Figueres ESP"]
[Date "2012.08.11"]
[Round "3.7"]
[White "Vishnu, Prasanna  V"]
[Black "Garbisu De Goñi, Unai"]
[Result "1-0"]
[WhiteElo "2435"]
[BlackElo "2461"]
[PlyCount "95"]
[EventDate "2012.08.09"]
[EventType "swiss"]
[EventRounds "9"]
[EventCountry "ESP"]
[Source "lmi"]
[SourceDate "2012.08.09"]

1. e4 e5 2. Nf3 Nc6 3. d4 exd4 4. Nxd4 Bc5 5. Be3 Qf6 6. c3 Nge7 7. Bc4 Ne5 8.
Be2 Qh4 9. O-O Qxe4 10. Nd2 Qg6 11. Bh5 Qd3 12. Be2 Qg6 13. Bh5 Qd3 14. N4f3
Bd6 15. Ng5 O-O 16. Be2 Qg6 17. Nde4 Nf5 18. Bc1 Be7 19. f4 h6 20. fxe5 hxg5
21. Bd3 d5 22. exd6 Bxd6 23. Bxg5 Bc5+ 24. Kh1 Be3 25. Bf4 Bxf4 26. Rxf4 Qh6
27. Qf3 Nh4 28. Qg3 Ng6 29. Rf2 Be6 30. Ng5 Rad8 31. Bc2 Bd5 32. Raf1 f6 33.
Ne4 f5 34. Nd2 Nh4 35. Bb3 Bxb3 36. Nxb3 f4 37. Qg4 Rd6 38. g3 Ng6 39. gxf4 Qh4
40. Qg3 Qh5 41. f5 Rd1 42. Nd4 c5 43. Ne6 Rxf1+ 44. Rxf1 Rxf5 45. Rg1 Rf6 46.
Ng5 Qe2 47. Qb8+ Rf8 48. Qxb7 1-0

[Event "Obert Figueres Miquel Mas 2012"]
[Site "Figueres ESP"]
[Date "2012.08.11"]
[Round "3.8"]
[White "Sorroche Martin, Jose Maria"]
[Black "Guilleux, Fabien"]
[Result "0-1"]
[WhiteElo "2164"]
[BlackElo "2439"]
[PlyCount "66"]
[EventDate "2012.08.09"]
[EventType "swiss"]
[EventRounds "9"]
[EventCountry "ESP"]
[Source "lmi"]
[SourceDate "2012.08.09"]

1. c4 g6 2. g3 Bg7 3. Bg2 c5 4. e3 Nc6 5. Ne2 Nh6 6. Nbc3 Nf5 7. b3 O-O 8. Bb2
Rb8 9. O-O a6 10. d3 b5 11. Qd2 Qa5 12. Rad1 Bb7 13. Ne4 Qxd2 14. Rxd2 Bxb2 15.
Rxb2 d6 16. N2c3 Rfd8 17. Rd1 Ba8 18. Nd5 Rdc8 19. Bh3 Kf8 20. Ng5 h6 21. Nf3
e6 22. Nf6 Ke7 23. Ne4 Na5 24. g4 bxc4 25. gxf5 gxf5 26. Nfd2 fxe4 27. dxc4 f5
28. Rc2 Rg8+ 29. Kh1 Nc6 30. Nf1 h5 31. Rcd2 Ne5 32. Ng3 h4 33. Nh5 Nd3 0-1

[Event "Obert Figueres Miquel Mas 2012"]
[Site "Figueres ESP"]
[Date "2012.08.11"]
[Round "3.9"]
[White "Roy Chowdhury, Saptarshi"]
[Black "Aymerich Verdaguer, Eduard"]
[Result "1-0"]
[WhiteElo "2391"]
[BlackElo "1787"]
[PlyCount "67"]
[EventDate "2012.08.09"]
[EventType "swiss"]
[EventRounds "9"]
[EventCountry "ESP"]
[Source "lmi"]
[SourceDate "2012.08.09"]

1. e4 d6 2. d4 Nf6 3. Nc3 g6 4. h3 Bg7 5. Be3 a6 6. Bd3 Nc6 7. Nf3 O-O 8. Qd2
e5 9. O-O-O b5 10. dxe5 dxe5 11. Bh6 Be6 12. Ne2 Qe7 13. Ng3 Rfd8 14. Kb1 Nd7
15. Bxg7 Kxg7 16. h4 h5 17. Ng5 Nc5 18. f4 Bg4 19. Rdf1 Nxd3 20. cxd3 f6 21. f5
Nd4 22. fxg6 Kxg6 23. Nf3 Qd7 24. Nxe5+ fxe5 25. Qg5+ Kh7 26. Nxh5 Bxh5 27. Rf6
Nf5 28. Qxh5+ Kg8 29. Rxf5 Qxd3+ 30. Ka1 Rd7 31. Qg6+ Rg7 32. Qe6+ Kh8 33. Rh5+
Rh7 34. Qf6+ 1-0

[Event "Obert Figueres Miquel Mas 2012"]
[Site "Figueres ESP"]
[Date "2012.08.11"]
[Round "3.10"]
[White "Ladron De Guevara Pinto, Paolo"]
[Black "Triadu Cassa, Jordi"]
[Result "1/2-1/2"]
[WhiteElo "2370"]
[BlackElo "2138"]
[PlyCount "52"]
[EventDate "2012.08.09"]
[EventType "swiss"]
[EventRounds "9"]
[EventCountry "ESP"]
[Source "lmi"]
[SourceDate "2012.08.09"]

1. e4 e5 2. Nf3 Nc6 3. Bb5 a6 4. Ba4 Nf6 5. O-O Be7 6. Re1 b5 7. Bb3 d6 8. c3
O-O 9. d4 Bg4 10. Be3 d5 11. dxe5 Nxe5 12. exd5 Nxf3+ 13. gxf3 Bh5 14. Kg2 Re8
15. a4 Bd6 16. Qd4 Qd7 17. Nd2 Re4 18. fxe4 Qg4+ 19. Kh1 Bxh2 20. Qxf6 Bg3 21.
Qxf7+ Kxf7 22. fxg3 Qh3+ 23. Kg1 Qxg3+ 24. Kh1 Qh3+ 25. Kg1 Qg3+ 26. Kh1 Qh3+
1/2-1/2

[Event "Obert Figueres Miquel Mas 2012"]
[Site "Figueres ESP"]
[Date "2012.08.11"]
[Round "3.11"]
[White "Cuadras Avellana, Jordi"]
[Black "Llerins Bonet, Ricardo"]
[Result "1/2-1/2"]
[WhiteElo "2344"]
[BlackElo "2111"]
[PlyCount "95"]
[EventDate "2012.08.09"]
[EventType "swiss"]
[EventRounds "9"]
[EventCountry "ESP"]
[Source "lmi"]
[SourceDate "2012.08.09"]

1. e4 e6 2. d4 d5 3. Nc3 dxe4 4. Nxe4 Nd7 5. Nf3 Ngf6 6. Nxf6+ Nxf6 7. Bd3 Be7
8. Qe2 O-O 9. Bg5 c5 10. dxc5 Qa5+ 11. c3 Qxc5 12. Rd1 Rd8 13. Ne5 Qc7 14. O-O
Bd7 15. Bxf6 Bxf6 16. Bxh7+ Kf8 17. Nxd7+ Rxd7 18. Rxd7 Qxd7 19. Rd1 Qc7 20.
Be4 Rd8 21. Rxd8+ Bxd8 22. g3 b6 23. Qh5 Bf6 24. Qh8+ Ke7 25. Qa8 Be5 26. Kg2
Qb8 27. Qc6 Qc7 28. Qb5 g6 29. Qa6 Kf8 30. Bb7 Qb8 31. h4 Kg7 32. Bf3 Qc7 33.
Qa4 a5 34. h5 gxh5 35. Bxh5 Kf8 36. Qe4 Bf6 37. Bf3 Kg7 38. Qg4+ Kf8 39. Qe4
Kg7 40. Qa4 Kf8 41. Bc6 Qe5 42. Qd1 Qc5 43. Qf3 Kg7 44. a4 Qc4 45. Bb5 Qb3 46.
Qe2 Qd5+ 47. Qf3 Qxf3+ 48. Kxf3 1/2-1/2

[Event "Obert Figueres Miquel Mas 2012"]
[Site "Figueres ESP"]
[Date "2012.08.11"]
[Round "3.13"]
[White "Lillo Ferrer, Jose Maria"]
[Black "Serra Pages, Jordi"]
[Result "0-1"]
[WhiteElo "2121"]
[BlackElo "2224"]
[PlyCount "52"]
[EventDate "2012.08.09"]
[EventType "swiss"]
[EventRounds "9"]
[EventCountry "ESP"]
[Source "lmi"]
[SourceDate "2012.08.09"]

1. e4 e5 2. Nf3 Nc6 3. Nc3 Nf6 4. g3 d5 5. exd5 Nxd5 6. Bg2 Nxc3 7. bxc3 Bd6 8.
O-O O-O 9. Rb1 Rb8 10. d4 exd4 11. cxd4 b5 12. Ng5 Bd7 13. Qh5 h6 14. Ne4 Nxd4
15. Nxd6 cxd6 16. Be4 Re8 17. Bd3 Re5 18. Qd1 Bh3 19. Be3 Bxf1 20. Qxf1 Nf3+
21. Kg2 Rxe3 22. fxe3 Nd2 23. Qf5 Nxb1 24. Qh7+ Kf8 25. Qh8+ Ke7 26. Qxg7 Qh8
0-1

[Event "Obert Figueres Miquel Mas 2012"]
[Site "Figueres ESP"]
[Date "2012.08.11"]
[Round "3.14"]
[White "Rebole Arbea, Jose Ignacio"]
[Black "Carramiñana Lopez, Luis Antonio"]
[Result "1/2-1/2"]
[WhiteElo "2188"]
[BlackElo "2029"]
[PlyCount "48"]
[EventDate "2012.08.09"]
[EventType "swiss"]
[EventRounds "9"]
[EventCountry "ESP"]
[Source "lmi"]
[SourceDate "2012.08.09"]

1. g3 Nf6 2. Bg2 e5 3. c4 c6 4. b3 d5 5. Bb2 Bd6 6. Nf3 d4 7. O-O O-O 8. b4 a5
9. a3 Re8 10. c5 Bc7 11. d3 Nd5 12. Nbd2 axb4 13. Nc4 bxa3 14. Rxa3 Rxa3 15.
Bxa3 Nc3 16. Qc2 Nb5 17. Bb2 Na6 18. Na3 Nb4 19. Qb3 Nxa3 20. Bxa3 Nd5 21. Nd2
Nc3 22. e3 Nb5 23. Bb2 Qe7 24. Qc2 Rd8 1/2-1/2

[Event "Obert Figueres Miquel Mas 2012"]
[Site "Figueres ESP"]
[Date "2012.08.11"]
[Round "3.15"]
[White "Colls Gelaberto, Emili"]
[Black "Oberhofer, Cedric"]
[Result "1/2-1/2"]
[WhiteElo "2171"]
[BlackElo "1779"]
[PlyCount "128"]
[EventDate "2012.08.09"]
[EventType "swiss"]
[EventRounds "9"]
[EventCountry "ESP"]
[Source "lmi"]
[SourceDate "2012.08.09"]

1. Nf3 g6 2. c4 Bg7 3. Nc3 c5 4. g3 Nc6 5. Bg2 e6 6. d3 Nge7 7. Bg5 h6 8. Bd2
O-O 9. Rb1 b6 10. O-O Bb7 11. a3 d5 12. Qc1 Kh7 13. Nd1 Qd7 14. Bc3 Rac8 15.
Bxg7 Kxg7 16. Ne3 Rfd8 17. b4 Nd4 18. Qb2 dxc4 19. Ne5 Qc7 20. Bxb7 Qxb7 21.
N5xc4 f6 22. Rfe1 e5 23. Nd2 cxb4 24. axb4 b5 25. Ne4 Nec6 26. Rbc1 a5 27. bxa5
Nxa5 28. Rxc8 Qxc8 29. Qa3 Qc7 30. Kf1 Nab3 31. Qb4 f5 32. Nd2 Nxd2+ 33. Qxd2
Qc6 34. f3 Rc8 35. Ra1 Qc5 36. Qa2 Rc7 37. Qd5 Qxd5 38. Nxd5 Rd7 39. Nb4 Rd6
40. Ra7+ Kf6 41. Rb7 f4 42. Kf2 Kf5 43. Rb8 Rf6 44. Nd5 Rd6 45. Nc3 g5 46. Nxb5
Nxb5 47. Rxb5 Kf6 48. Rb8 Rd5 49. Rb6+ Kg7 50. h4 gxh4 51. gxf4 exf4 52. Rb4
Rf5 53. Kg2 Kg6 54. Kh3 Kg5 55. Re4 Rd5 56. Re8 Rf5 57. Rg8+ Kh5 58. Rg4 Re5
59. Rxf4 Rxe2 60. Rxh4+ Kg5 61. Re4 Rd2 62. d4 Rd1 63. Kg3 Rg1+ 64. Kf2 Rd1
1/2-1/2

[Event "Obert Figueres Miquel Mas 2012"]
[Site "Figueres ESP"]
[Date "2012.08.12"]
[Round "4.3"]
[White "Guilleux, Fabien"]
[Black "Das, Arghyadip"]
[Result "0-1"]
[WhiteElo "2439"]
[BlackElo "2479"]
[PlyCount "49"]
[EventDate "2012.08.09"]
[EventType "swiss"]
[EventRounds "9"]
[EventCountry "ESP"]
[Source "lmi"]
[SourceDate "2012.08.09"]

1. Nf3 Nf6 2. c4 e6 3. Nc3 Bb4 4. Qc2 c5 5. a3 Ba5 6. g4 h6 7. Rg1 d6 8. h4 Nc6
9. g5 hxg5 10. hxg5 Nd7 11. Ne4 Qe7 12. b3 Nde5 13. Nxe5 dxe5 14. e3 Bd7 15. b4
cxb4 16. c5 Bc7 17. axb4 Nxb4 18. Qb1 a5 19. g6 O-O 20. gxf7+ Qxf7 21. f4 Qh5
22. Bb2 Qh2 23. Ng5 Bc6 24. Nh3 Rad8 25. Qg6 0-1

[Event "Obert Figueres Miquel Mas 2012"]
[Site "Figueres ESP"]
[Date "2012.08.12"]
[Round "4.4"]
[White "Dourerassou, Jonathan"]
[Black "Martinez, Duany Lelys Stanley"]
[Result "1/2-1/2"]
[WhiteElo "2460"]
[BlackElo "2476"]
[PlyCount "85"]
[EventDate "2012.08.09"]
[EventType "swiss"]
[EventRounds "9"]
[EventCountry "ESP"]
[Source "lmi"]
[SourceDate "2012.08.09"]

1. e4 c5 2. Nf3 Nc6 3. d4 cxd4 4. Nxd4 g6 5. Nc3 Bg7 6. Be3 Nf6 7. Bc4 O-O 8.
Bb3 d6 9. f3 Bd7 10. Qd2 Nxd4 11. Bxd4 b5 12. h4 a5 13. h5 a4 14. Bd5 b4 15.
Bxf6 exf6 16. Ne2 f5 17. hxg6 hxg6 18. Qxb4 a3 19. Qxd6 axb2 20. Rb1 Be6 21.
Qxd8 Raxd8 22. Bxe6 fxe6 23. c3 fxe4 24. fxe4 Rb8 25. Rf1 Rfc8 26. Kd2 Rc4 27.
Kd3 Ra4 28. Rf2 Rxa2 29. Kc2 Be5 30. Rf3 g5 31. Rd3 Ra4 32. Nd4 Rc8 33. Kb3
Rac4 34. Rxb2 Bxd4 35. cxd4 e5 36. Rg3 exd4 37. Rxg5+ Kf7 38. Rd5 Ke6 39. Ka2
R8c6 40. g3 Ra6+ 41. Kb1 Rd6 42. Rxd6+ Kxd6 43. Rb5 1/2-1/2

[Event "Obert Figueres Miquel Mas 2012"]
[Site "Figueres ESP"]
[Date "2012.08.12"]
[Round "4.5"]
[White "Soumya, Swaminathan"]
[Black "Rakhmanov, Aleksandr"]
[Result "0-1"]
[WhiteElo "2271"]
[BlackElo "2588"]
[PlyCount "92"]
[EventDate "2012.08.09"]
[EventType "swiss"]
[EventRounds "9"]
[EventCountry "ESP"]
[Source "lmi"]
[SourceDate "2012.08.09"]

1. e4 d6 2. d4 Nf6 3. Nc3 g6 4. Be3 Bg7 5. Qd2 a6 6. f3 b5 7. g4 h5 8. g5 Nfd7
9. a4 b4 10. Nd1 O-O 11. Qxb4 c5 12. Qd2 Nc6 13. Ne2 Qb6 14. a5 Qa7 15. Ra4 Rb8
16. Bg2 Qc7 17. O-O Rb5 18. d5 Nxa5 19. Qe1 Ne5 20. b3 Nb7 21. Rxa6 Nd8 22. Ra2
e6 23. h3 Re8 24. f4 Nd7 25. dxe6 Nxe6 26. f5 Nd4 27. fxg6 fxg6 28. Nf4 Ne5 29.
Nd5 Qd7 30. Nf6+ Bxf6 31. gxf6 Bb7 32. Nc3 Rb4 33. Qf2 Nf7 34. Qg3 Kh7 35. Kh2
Qe6 36. Rf5 Nxf5 37. exf5 Qxf5 38. Ra7 h4 39. Qf2 Qe5+ 40. Kg1 Qxe3 41. Qxe3
Rxe3 42. Bxb7 Rxc3 43. Bg2 Kh6 44. Rxf7 Rf4 45. Rf8 Rxc2 46. Bd5 Rc1+ 0-1

[Event "Obert Figueres Miquel Mas 2012"]
[Site "Figueres ESP"]
[Date "2012.08.12"]
[Round "4.6"]
[White "Serra Pages, Jordi"]
[Black "Adhiban, B."]
[Result "0-1"]
[WhiteElo "2224"]
[BlackElo "2553"]
[PlyCount "72"]
[EventDate "2012.08.09"]
[EventType "swiss"]
[EventRounds "9"]
[EventCountry "ESP"]
[Source "lmi"]
[SourceDate "2012.08.09"]

1. d4 d5 2. c4 e6 3. Nf3 Nf6 4. Nc3 c6 5. Bg5 h6 6. Bxf6 Qxf6 7. e3 g6 8. Be2
Bg7 9. O-O O-O 10. Qc2 Nd7 11. Rad1 dxc4 12. Bxc4 b6 13. e4 Bb7 14. e5 Qe7 15.
Qe2 a6 16. Rfe1 b5 17. Bd3 c5 18. Be4 Bxe4 19. Qxe4 cxd4 20. Qxd4 Rfd8 21. Qe3
Rac8 22. Qa7 Kf8 23. Qxa6 b4 24. Na4 Nxe5 25. Nxe5 Bxe5 26. Qb5 Bd4 27. Nb6 Rc5
28. Qxb4 Bxf2+ 29. Kh1 Bxe1 30. Rxd8+ Kg7 31. Qd4+ e5 32. Qd1 Qf6 33. Qxe1 Qxd8
34. Na4 Qh4 35. Qg1 Rc2 36. b3 Qf4 0-1

[Event "Obert Figueres Miquel Mas 2012"]
[Site "Figueres ESP"]
[Date "2012.08.12"]
[Round "4.8"]
[White "Antoli Royo, Joaquin Miguel"]
[Black "Ramiro Ovejero, Juan L"]
[Result "1/2-1/2"]
[WhiteElo "2398"]
[BlackElo "2349"]
[PlyCount "47"]
[EventDate "2012.08.09"]
[EventType "swiss"]
[EventRounds "9"]
[EventCountry "ESP"]
[Source "lmi"]
[SourceDate "2012.08.09"]

1. c4 e5 2. a3 g6 3. b4 Bg7 4. Bb2 Ne7 5. d4 O-O 6. e3 exd4 7. Bxd4 Bxd4 8.
Qxd4 d5 9. Nf3 Nbc6 10. Qh4 d4 11. b5 Na5 12. Qxd4 Qxd4 13. Nxd4 c5 14. Nf3 a6
15. a4 Be6 16. Nfd2 Nc8 17. Ne4 Bxc4 18. Bxc4 Nxc4 19. bxa6 b6 20. Nbd2 Nxd2
21. Kxd2 Rxa6 22. Rhb1 Rd8+ 23. Ke2 Ne7 24. g4 1/2-1/2

[Event "Obert Figueres Miquel Mas 2012"]
[Site "Figueres ESP"]
[Date "2012.08.12"]
[Round "4.9"]
[White "Vilar, Lopez Monica"]
[Black "Ladron De Guevara Pinto, Paolo"]
[Result "0-1"]
[WhiteElo "2154"]
[BlackElo "2370"]
[PlyCount "70"]
[EventDate "2012.08.09"]
[EventType "swiss"]
[EventRounds "9"]
[EventCountry "ESP"]
[Source "lmi"]
[SourceDate "2012.08.09"]

1. e4 c5 2. Nc3 Nc6 3. g3 g6 4. Bg2 Bg7 5. d3 e5 6. Nh3 d6 7. f4 h6 8. O-O Nge7
9. Be3 Nd4 10. Rb1 O-O 11. f5 gxf5 12. Qh5 Qe8 13. Bxh6 f6 14. Qxe8 Rxe8 15.
Bxg7 Kxg7 16. exf5 Nxc2 17. g4 Ne3 18. Rf3 Nxg2 19. Kxg2 d5 20. Nb5 Rg8 21. Nc7
Rb8 22. Ng5 b6 23. Re1 Bd7 24. Kf2 Rbc8 25. Nce6+ Bxe6 26. Nxe6+ Kf7 27. g5
fxg5 28. Rxe5 Kf6 29. Re1 Nxf5 30. d4 Rge8 31. Rxf5+ Kxf5 32. Ng7+ Kg6 33. Nxe8
cxd4 34. Nd6 Rc2+ 35. Re2 d3 0-1

[Event "Obert Figueres Miquel Mas 2012"]
[Site "Figueres ESP"]
[Date "2012.08.12"]
[Round "4.10"]
[White "Garbisu De Goñi, Unai"]
[Black "Juan Bartroli, Pau"]
[Result "1-0"]
[WhiteElo "2461"]
[BlackElo "2024"]
[PlyCount "61"]
[EventDate "2012.08.09"]
[EventType "swiss"]
[EventRounds "9"]
[EventCountry "ESP"]
[Source "lmi"]
[SourceDate "2012.08.09"]

1. e4 c6 2. d4 d5 3. exd5 cxd5 4. c4 Nf6 5. Nc3 e6 6. Nf3 Bb4 7. cxd5 Nxd5 8.
Bd2 O-O 9. Bd3 Bxc3 10. bxc3 Nf6 11. O-O Nbd7 12. Re1 b6 13. Bg5 Qc7 14. Rc1
Bb7 15. c4 Rac8 16. Qe2 Qd6 17. Red1 Rfe8 18. Bh4 Qc6 19. Qd2 e5 20. Bf5 Rcd8
21. d5 Qd6 22. Qc2 Nf8 23. Nd2 Bc8 24. Bd3 Ng6 25. Bxg6 hxg6 26. Ne4 Nxe4 27.
Bxd8 Bf5 28. Bh4 g5 29. f3 Qg6 30. fxe4 Bxe4 31. Qa4 1-0

[Event "Obert Figueres Miquel Mas 2012"]
[Site "Figueres ESP"]
[Date "2012.08.12"]
[Round "4.11"]
[White "Govciyan, Pavel"]
[Black "Balague Camps, Marc"]
[Result "1-0"]
[WhiteElo "2451"]
[BlackElo "2072"]
[PlyCount "111"]
[EventDate "2012.08.09"]
[EventType "swiss"]
[EventRounds "9"]
[EventCountry "ESP"]
[Source "lmi"]
[SourceDate "2012.08.09"]

1. d4 d5 2. Bf4 Nf6 3. e3 g6 4. Nf3 Bg7 5. h3 O-O 6. c4 c5 7. Nc3 cxd4 8. exd4
Nc6 9. c5 Ne4 10. Rc1 Nxd4 11. Nxd4 e5 12. Be3 exd4 13. Bxd4 Re8 14. Be2 Nxf2
15. Bxf2 d4 16. O-O dxc3 17. Qxd8 Rxd8 18. bxc3 Be6 19. Bf3 Bd5 20. Bh4 f6 21.
Rb1 Bxf3 22. Rxf3 Bf8 23. Rxb7 Bxc5+ 24. Bf2 Bxf2+ 25. Rxf2 f5 26. Re2 Rdb8 27.
Rc7 Rc8 28. Ree7 Rxc7 29. Rxc7 a5 30. c4 Rd8 31. c5 Rd5 32. Kf2 Kf8 33. Ke3 Ke8
34. c6 Rc5 35. Kd4 Rc2 36. Kd5 Kd8 37. Rxh7 Rxa2 38. g4 Rd2+ 39. Ke5 fxg4 40.
hxg4 Rc2 41. Kd6 Rd2+ 42. Kc5 a4 43. Ra7 Rc2+ 44. Kd6 Rd2+ 45. Ke5 Rc2 46. Kd5
Rd2+ 47. Ke6 Rd4 48. g5 Rc4 49. Kf7 Rxc6 50. Rxa4 Rc7+ 51. Kxg6 Ke7 52. Rf4
Rc6+ 53. Kg7 Rc5 54. g6 Rc6 55. Kh7 Rc1 56. Rh4 1-0

[Event "Obert Figueres Miquel Mas 2012"]
[Site "Figueres ESP"]
[Date "2012.08.12"]
[Round "4.13"]
[White "Vinardell Cruanas, Sergi"]
[Black "Baños, Oscar"]
[Result "1-0"]
[WhiteElo "2124"]
[BlackElo "2240"]
[PlyCount "57"]
[EventDate "2012.08.09"]
[EventType "swiss"]
[EventRounds "9"]
[EventCountry "ESP"]
[Source "lmi"]
[SourceDate "2012.08.09"]

1. e4 e6 2. d4 d5 3. Nc3 Bb4 4. e5 c5 5. a3 Bxc3+ 6. bxc3 Qa5 7. Bd2 Qa4 8. Qb1
c4 9. Nh3 Nc6 10. Nf4 Bd7 11. g3 O-O-O 12. Bh3 h5 13. Bg2 Nge7 14. h4 f6 15.
exf6 gxf6 16. O-O Qa5 17. Qd1 e5 18. Nxh5 Rdf8 19. dxe5 fxe5 20. Bg5 Qxc3 21.
Nf6 Bf5 22. Nxd5 Nxd5 23. Qxd5 Qd4 24. c3 Qg4 25. Qb5 e4 26. Rab1 Rh7 27. Qxc4
Rc7 28. Bf4 Rd7 29. Rxb7 1-0

[Event "Obert Figueres Miquel Mas 2012"]
[Site "Figueres ESP"]
[Date "2012.08.12"]
[Round "4.14"]
[White "Llerins Bonet, Ricardo"]
[Black "Rebole Arbea, Jose Ignacio"]
[Result "0-1"]
[WhiteElo "2111"]
[BlackElo "2188"]
[PlyCount "126"]
[EventDate "2012.08.09"]
[EventType "swiss"]
[EventRounds "9"]
[EventCountry "ESP"]
[Source "lmi"]
[SourceDate "2012.08.09"]

1. e4 c5 2. Nf3 Nc6 3. c4 g6 4. d4 cxd4 5. Nxd4 Bg7 6. Be3 Nf6 7. Nc3 Ng4 8.
Qxg4 Nxd4 9. Qd1 Ne6 10. Rc1 O-O 11. Qd2 f5 12. g3 Qa5 13. b3 fxe4 14. Nxe4 Qe5
15. Bg2 Rb8 16. Bxa7 Ra8 17. Be3 Qb2 18. Qxb2 Bxb2 19. Rc2 Bd4 20. O-O Bxe3 21.
fxe3 Rxf1+ 22. Kxf1 Ng7 23. Nc5 Nf5 24. Ke2 Ra7 25. Rd2 d6 26. Bd5+ Kg7 27. Be6
Bxe6 28. Nxe6+ Kf6 29. Nd4 h5 30. Nxf5 gxf5 31. a4 Ra6 32. Rd5 e5 33. Rb5 b6
34. h4 Ke6 35. Kf3 Kd7 36. e4 fxe4+ 37. Kxe4 Kc6 38. Rd5 Ra8 39. Rd3 Rg8 40.
Kf3 Rf8+ 41. Kg2 Rg8 42. Rd5 Ra8 43. Kf3 Rf8+ 44. Ke4 Rg8 45. Rd3 Rg4+ 46. Kf5
e4 47. Re3 d5 48. cxd5+ Kxd5 49. b4 Kd4 50. Ra3 e3 51. a5 e2 52. Ra1 Ke3 53.
axb6 Rxb4 54. Kg6 Rxb6+ 55. Kxh5 Rd6 56. g4 Rd1 57. Ra8 e1=Q 58. Re8+ Kf4 59.
Rxe1 Rxe1 60. g5 Kf5 61. Kh6 Re6+ 62. Kg7 Ra6 63. Kh7 Ra4 0-1

[Event "Obert Figueres Miquel Mas 2012"]
[Site "Figueres ESP"]
[Date "2012.08.12"]
[Round "4.15"]
[White "Aymerich Verdaguer, Eduard"]
[Black "Colls Gelaberto, Emili"]
[Result "1-0"]
[WhiteElo "1787"]
[BlackElo "2171"]
[PlyCount "113"]
[EventDate "2012.08.09"]
[EventType "swiss"]
[EventRounds "9"]
[EventCountry "ESP"]
[Source "lmi"]
[SourceDate "2012.08.09"]

1. d4 Nf6 2. c4 g6 3. Nc3 Bg7 4. e4 d6 5. Be2 O-O 6. f4 c5 7. d5 e6 8. Nf3 exd5
9. cxd5 Na6 10. O-O Nc7 11. a4 a6 12. Qc2 Rb8 13. a5 Bd7 14. Rd1 b5 15. axb6
Rxb6 16. h3 Qb8 17. Ra2 Bb5 18. Bxb5 axb5 19. e5 Nd7 20. Ne4 Na6 21. Ra3 dxe5
22. f5 gxf5 23. Nf2 e4 24. Nh4 Qe5 25. g4 Nb4 26. Qe2 Nxd5 27. Nxf5 N7f6 28.
Nxe4 Kh8 29. Neg3 Qxe2 30. Nxe2 Nb4 31. Ra7 c4 32. Nf4 Rc6 33. Rb7 Nd3 34. Rxb5
Ne4 35. Bd2 Nxb2 36. Rxb2 Bxb2 37. Be3 c3 38. Bd4+ f6 39. Re1 Nd6 40. Nxd6 Rxd6
41. Bc5 Rdd8 42. Bxf8 Rxf8 43. Nd3 Rc8 44. Kf2 c2 45. Nxb2 c1=Q 46. Rxc1 Rxc1
47. Nd3 Rc3 48. Ke3 Kg7 49. Kd4 Ra3 50. Ke4 Kg6 51. h4 Ra4+ 52. Kf3 Kf7 53. Nf4
Ke7 54. g5 f5 55. h5 Ra3+ 56. Kf2 Kd6 57. h6 1-0

[Event "Obert Figueres Miquel Mas 2012"]
[Site "Figueres ESP"]
[Date "2012.08.12"]
[Round "5.1"]
[White "Das, Arghyadip"]
[Black "Forcen Esteban, Daniel"]
[Result "1/2-1/2"]
[WhiteElo "2479"]
[BlackElo "2440"]
[PlyCount "36"]
[EventDate "2012.08.09"]
[EventType "swiss"]
[EventRounds "9"]
[EventCountry "ESP"]
[Source "lmi"]
[SourceDate "2012.08.09"]

1. e4 Nf6 2. d3 d5 3. Nd2 e5 4. Ngf3 Nc6 5. Be2 Bc5 6. O-O O-O 7. c3 a5 8. b3
Re8 9. a3 Bf8 10. Bb2 b6 11. b4 Bb7 12. Re1 axb4 13. axb4 Rxa1 14. Qxa1 Qa8 15.
Bf1 dxe4 16. dxe4 Nb8 17. Bc4 Qxa1 18. Bxa1 Nbd7 1/2-1/2

[Event "Obert Figueres Miquel Mas 2012"]
[Site "Figueres ESP"]
[Date "2012.08.12"]
[Round "5.2"]
[White "Rakhmanov, Aleksandr"]
[Black "Mirzoev, Azer"]
[Result "1/2-1/2"]
[WhiteElo "2588"]
[BlackElo "2545"]
[PlyCount "37"]
[EventDate "2012.08.09"]
[EventType "swiss"]
[EventRounds "9"]
[EventCountry "ESP"]
[Source "lmi"]
[SourceDate "2012.08.09"]

1. d4 d5 2. c4 dxc4 3. e3 Nf6 4. Bxc4 e6 5. Nf3 a6 6. O-O c5 7. dxc5 Qxd1 8.
Rxd1 Bxc5 9. Nbd2 Nbd7 10. Be2 b6 11. b3 Bb7 12. Bb2 O-O 13. Nc4 Rfd8 14. Rac1
h6 15. Nfe5 Nxe5 16. Bxe5 Rxd1+ 17. Rxd1 b5 18. Nd6 Bd5 19. Bxf6 1/2-1/2